Films par images - Statistiques

Statistiques générales
  • Ce quiz a été pris 720 fois
  • Le résultat moyen est 17 sur 18
Statistiques - réponses
Question Tuile Select % Correct
Fast and Furious Non
98%
Fast and Furious Non
98%
Fast and Furious Non
98%
Fast and Furious Non
98%
Fast and Furious Non
98%
Fast and Furious Non
97%
Mr and Mrs Smith Non
97%
Mr and Mrs Smith Non
97%
Mr and Mrs Smith Non
96%
Fast and Furious Non
95%
Mr and Mrs Smith Non
95%
Mr and Mrs Smith Non
95%
Mr and Mrs Smith Non
94%
Mr and Mrs Smith Non
93%
Mr and Mrs Smith Non
85%
Fast and Furious Oui
83%
Fast and Furious Non
82%
Mr and Mrs Smith Oui
77%
Aucun quiz correspondant
Distribution des résultats
% des personnes avec chaque résultat
Percentile par nombre de réponses
Votre historique - résultats
Vous n’avez pas pris ce quiz